Statistics for Product Mascots Quiz

Click here to take the quiz!

General Stats

  • This quiz has been taken 22,743 times
  • The average score is 11 of 21

Answer Stats

Mascot Product % Correct
Tony the TigerFrosted Flakes
93%
Colonel SandersKFC
89%
The HamburglarMcDonald's
87%
Snap, Crackle & PopRice Krispies
86%
Chester CheetahCheetos
83%
Toucan SamFroot Loops
79%
MarioNintendo
72%
JaredSubway
62%
Sonic the HedgehogSega
60%
Geoffrey the GiraffeToys R Us
59%
Mr. PeanutPlanters
55%
Ernie ElfKeebler
43%
Sonny the Cuckoo BirdCocoa Puffs
43%
Charlie the TunaStarkist
39%
Spuds MacKenzieBud Light
30%
Poppin' FreshPillsbury
24%
The NoidDomino's
23%
Dig 'EmHoney Smacks
23%
Manny, Moe & JackPep Boys
20%
PunchyHawaiian Punch
17%
Elsie the CowBorden Dairy
16%

Score Distribution

Percentile by Number Answered

Percent of People with Each Score

Your Score History

You have not taken this quiz